00501nam a2200157Ia 4500008004100000020001500041050002200056100004300078245006000121250001800181260003800199300001800237490003000255505003500285650002300320120720s1985 mx 000 0 spa d a9684130910 aPQ6603 bB46 1985 aBenavente, Jacintod, 1866-1954eautor14aLos interses creados, señora amac / Jacito Benavente a26a edición aMéxicob : Espasa-Calpec, 1985 a178 páginas aColección Australv, 34 aIntereses creados Señora ama 0aCOMEDIA ESPAÑOLA